[Event "Titled Tue 1st Jul Early"]
[Site "chess.com INT"]
[Date "2025.07.01"]
[Round "1"]
[White "Subramanian, Anusha"]
[Black "Bharadia Yash"]
[Result "0-1"]
[WhiteTitle "WFM"]
[BlackTitle "FM"]
[WhiteElo "2045"]
[BlackElo "2394"]
[WhiteFideId "477710"]
[BlackFideId "45087822"]
[EventDate "2025.07.01"]

1. Nf3 b6 2. e4 Bb7 3. Nc3 c5 4. a4 Nc6 5. Bc4 e6 6. d4 cxd4 7. Nxd4 Nxd4 8.
Qxd4 a6 9. O-O Ne7 10. Be3 Rc8 11. Be2 Rc6 12. f4 Ng6 13. f5 Bc5 14. Qd2 Qg5 15.
Rf3 Nh4 16. Rg3 Bxe3+ 17. Qxe3 Qxe3+ 18. Rxe3 O-O 19. g3 d5 20. exd5 exd5 21.
gxh4 d4 22. Re7 dxc3 23. Rxb7 cxb2 24. Rb1 Rxc2 25. Bd3 Rd2 26. Be4 Rc8 27. Bc6
Rc2 28. Be4 Re2 29. Bc6 Rc2 30. Be4 Rd2 31. Bc6 h5 32. Rxb6 Rd6 33. Rxa6 Rdxc6
34. Rxc6 Rxc6 35. Rxb2 Rc4 36. Rb8+ Kh7 37. Rb7 f6 38. Ra7 Rg4+ 39. Kf2 Rf4+ 40.
Kg3 Rxf5 41. a5 Rb5 42. a6 Kg6 43. Ra8 Kf5 44. a7 Ra5 45. Kf3 Ra3+ 46. Kf2 Kg4
47. Kg2 Ra2+ 48. Kf1 Kxh4 49. Ke1 g5 50. Kd1 f5 51. Rf8 Rxa7 52. Rxf5 Ra1+ 53.
Ke2 Ra2+ 54. Kf3 Rxh2 55. Ra5 g4+ 56. Kf4 Rf2+ 57. Ke3 Kg3 58. Ra3 Rf3+ 59. Ke2
Rxa3 60. Kd2 h4 61. Ke2 Rf3 62. Ke1 h3 63. Ke2 h2 64. Ke1 h1=Q+ 65. Ke2 Qg2+ 66.
Ke1 Rf1# 0-1

[Event "Titled Tue 1st Jul Early"]
[Site "chess.com INT"]
[Date "2025.07.01"]
[Round "1"]
[White "Garcia Almaguer, Juan Manuel"]
[Black "Indjic, Aleksandar"]
[Result "0-1"]
[WhiteTitle "CM"]
[BlackTitle "GM"]
[WhiteElo "2142"]
[BlackElo "2661"]
[WhiteFideId "5110491"]
[BlackFideId "911925"]
[EventDate "2025.07.01"]

1. d4 Nf6 2. c4 c5 3. d5 e6 4. Nc3 exd5 5. cxd5 d6 6. Nf3 g6 7. g3 Bg7 8. Bg2
O-O 9. O-O Re8 10. Nd2 a6 11. a4 Nbd7 12. Nc4 Ne5 13. Nxe5 Rxe5 14. h3 Rb8 15.
f4 Re8 16. e4 b5 17. axb5 axb5 18. e5 dxe5 19. fxe5 Rxe5 20. Bf4 Nh5 21. Bxe5
Bxe5 22. Ra7 f5 23. g4 Bd4+ 24. Rf2 fxg4 25. hxg4 Qh4 26. Qf3 Nf6 27. Ne4 Bxf2+
28. Qxf2 Qxf2+ 29. Kxf2 Nxe4+ 30. Bxe4 Bxg4 31. Kg3 h5 32. Bxg6 Rd8 33. Kf4 Rd6
34. Bf7+ Kf8 35. Ke5 Rh6 36. d6 h4 37. Bd5 Rh5+ 38. Ke4 Bf3+ 39. Kxf3 Rxd5 40.
Rc7 c4 41. Kg4 Rd4+ 42. Kh3 Ke8 43. Rc5 b4 44. Rc7 Kd8 45. Kh2 Rd2+ 46. Kh3 Rxb2
47. Rxc4 Kd7 48. Kxh4 Kxd6 49. Kg4 Kd5 50. Rc8 Rf2 51. Kg3 Rf7 52. Rd8+ Kc4 53.
Rc8+ Kd3 54. Rb8 Kc3 55. Rc8+ Kb2 56. Kg2 b3 57. Kg3 Kb1 58. Rc7 Rxc7 0-1

[Event "Titled Tue 1st Jul Early"]
[Site "chess.com INT"]
[Date "2025.07.01"]
[Round "1"]
[White "Evdokimov, Alexey"]
[Black "Dubnevych, Maksym"]
[Result "1-0"]
[WhiteTitle "FM"]
[BlackTitle "FM"]
[WhiteElo "2205"]
[BlackElo "2296"]
[WhiteFideId "24162450"]
[BlackFideId "14184001"]
[EventDate "2025.07.01"]

1. Nf3 d5 2. c4 e6 3. e3 Nf6 4. Nc3 Be7 5. d4 O-O 6. cxd5 exd5 7. Bd3 Nbd7 8.
O-O c5 9. b3 b6 10. Bb2 Bb7 11. Rc1 Rc8 12. Ne2 Re8 13. Ng3 Bf8 14. Bb1 c4 15.
bxc4 dxc4 16. Qa4 Bd5 17. Rfe1 b5 18. Qd1 Bxf3 19. Qxf3 b4 20. a3 c3 21. Ba1 a5
22. axb4 axb4 23. e4 Qa5 24. e5 Nd5 25. Qf5 g6 26. Qxd7 b3 27. Be4 Nb6 28. Bxc3
Qxc3 29. Rxc3 Nxd7 30. Rxc8 Rxc8 31. Rb1 Rc4 32. Rxb3 Rxd4 33. f4 Nc5 34. Re3
Rd1+ 35. Kf2 Ne6 36. Rf3 Bc5+ 37. Ke2 Rg1 38. Kd3 Rxg2 39. f5 gxf5 40. Nxf5 Rxh2
41. Bd5 Bf8 42. Nd6 Bxd6 43. exd6 Rh5 44. Kc4 Nd8 45. Re3 Kg7 46. Re8 Ne6 47.
Bxe6 fxe6 48. d7 Rd5 49. d8=Q Rxd8 50. Rxd8 Kf6 51. Kd4 h5 52. Ke4 Ke7 53. Rh8
h4 54. Rxh4 Kf7 55. Rh5 Kf6 56. Rh6+ 1-0

[Event "Titled Tue 1st Jul Early"]
[Site "chess.com INT"]
[Date "2025.07.01"]
[Round "1"]
[White "Nihal, Sarin"]
[Black "Przybylski, Bartosz"]
[Result "1-0"]
[WhiteTitle "GM"]
[BlackTitle "CM"]
[WhiteElo "2692"]
[BlackElo "2062"]
[WhiteFideId "25092340"]
[BlackFideId "21878323"]
[EventDate "2025.07.01"]

1. Nf3 d5 2. e3 c5 3. b3 f6 4. d4 cxd4 5. exd4 Nc6 6. Bb2 Bg4 7. Be2 e6 8. O-O
Bd6 9. h3 Bh5 10. c4 Nge7 11. Nc3 Rc8 12. Re1 O-O 13. a3 Bb8 14. cxd5 exd5 15.
Nd2 Bf7 16. Nf3 Nf5 17. Bd3 Nfxd4 18. Nxd4 Nxd4 19. Bxh7+ Kxh7 20. Qxd4 Qd6 21.
g3 Rfe8 22. Rxe8 Rxe8 23. Rd1 Qd7 24. Kg2 Qf5 25. g4 Qc2 26. Qd3+ Qxd3 27. Rxd3
Be5 28. Nd1 Bxb2 29. Nxb2 Re2 30. Nd1 Bg6 31. Rd4 Be4+ 32. Kg3 Re1 33. f3 Bc2
34. Nc3 Bxb3 35. Nxd5 Bxd5 36. Rxd5 Re3 37. a4 Rb3 38. h4 Rb4 39. a5 a6 40. h5
Rb1 41. Rd7 Rb5 42. Kh4 Rb3 43. f4 Rb4 44. Kg3 Rb3+ 45. Kg2 Rb4 46. Kf3 Rb3+ 47.
Ke4 Rb5 48. Rd5 Rb4+ 49. Kf5 Rb5 50. Rxb5 axb5 51. Ke4 f5+ 52. Kxf5 b4 53. Ke4 1-0

[Event "Titled Tue 1st Jul Early"]
[Site "chess.com INT"]
[Date "2025.07.01"]
[Round "1"]
[White "Sahin, Sarp"]
[Black "Sakun, Volodymyr"]
[Result "0-1"]
[WhiteTitle "CM"]
[BlackTitle "FM"]
[WhiteElo "2187"]
[BlackElo "2301"]
[WhiteFideId "51605066"]
[BlackFideId "14114062"]
[EventDate "2025.07.01"]

1. e4 e5 2. Nf3 Nc6 3. Bb5 g6 4. O-O Bg7 5. c3 a6 6. Ba4 d6 7. d4 Bd7 8. Be3 Nf6
9. Nbd2 Ng4 10. Bg5 Bf6 11. Bxf6 Qxf6 12. h3 Nh6 13. d5 Nb8 14. Bxd7+ Nxd7 15.
Nh2 O-O 16. Qe2 Qg7 17. b4 f5 18. c4 g5 19. exf5 Nxf5 20. Ng4 Nd4 21. Qd3 h5 22.
Nh2 g4 23. hxg4 hxg4 24. Ne4 Nf6 25. Ng3 Rf7 26. Rae1 Qh6 27. Qc3 Rh7 28. f4
Qxh2+ 29. Kf2 exf4 30. Qxd4 Qxg3+ 31. Ke2 Qxg2+ 32. Rf2 Qe4+ 33. Qxe4 Nxe4 34.
Rxf4 Re8 35. Rxg4+ Rg7 36. Rxg7+ Kxg7 37. Rg1+ Kf7 38. Kd3 Nf6 39. a4 Rh8 40.
Rg3 Rh1 41. Kc3 Ne4+ 42. Kd4 Nxg3 43. c5 Rd1+ 44. Kc4 dxc5 45. bxc5 Ne4 46. c6
bxc6 47. dxc6 Rd6 48. Kb4 Rxc6 49. Ka5 Rh6 50. Kb4 c5+ 51. Ka5 c4 52. Kb4 c3 53.
Kb3 Rb6+ 54. Kc2 Rb2+ 55. Kd3 Rd2+ 56. Kxe4 c2 57. Ke3 c1=Q 58. Ke4 Qe1+ 59. Kf4
Rf2+ 0-1

[Event "Titled Tue 1st Jul Early"]
[Site "chess.com INT"]
[Date "2025.07.01"]
[Round "1"]
[White "Ismagilov, Damir"]
[Black "Zhukov, Ivan"]
[Result "1-0"]
[WhiteTitle "CM"]
[BlackTitle "CM"]
[WhiteElo "2173"]
[BlackElo "2044"]
[WhiteFideId "34199982"]
[BlackFideId "54114748"]
[EventDate "2025.07.01"]

1. d4 d5 2. c4 e6 3. Nc3 c6 4. e4 Bb4 5. cxd5 exd5 6. e5 Ne7 7. Nf3 c5 8. a3 Ba5
9. Bb5+ Nbc6 10. O-O O-O 11. Bg5 cxd4 12. Nxd4 Nxe5 13. Nxd5 Qxd5 14. Bxe7 Bg4
15. f3 Bb6 16. Bxf8 Bxd4+ 17. Kh1 Be6 18. Bb4 Rd8 19. Be2 h5 20. Bc3 Qc5 21. Rc1
Qb6 22. Bxd4 Rxd4 23. Qc2 h4 24. Qc3 h3 25. gxh3 Nc6 26. Rg1 Bxh3 27. Rg3 Bf5
28. Rcg1 g6 29. b4 a6 30. Rg5 Ne7 31. Qe3 Qf6 32. Rh5 Rh4 33. Rxh4 Qxh4 34. Qg5
Qxg5 35. Rxg5 Nd5 36. Rg1 Nc3 37. Bc4 b5 38. Bb3 Ne2 39. Rd1 Nf4 40. Kg1 Ne6 41.
Kf2 Nf4 42. h4 Nh3+ 43. Kg3 Kg7 44. Rh1 Kf6 45. Rxh3 Bxh3 46. Kxh3 Ke5 47. Bxf7
Kf6 48. Be8 g5 49. h5 Ke5 50. Kg4 Kf6 51. h6 1-0

[Event "Titled Tue 1st Jul Early"]
[Site "chess.com INT"]
[Date "2025.07.01"]
[Round "1"]
[White "Mafra, Kaiser Luiz"]
[Black "Ryabukhin, Roman"]
[Result "0-1"]
[WhiteTitle "CM"]
[BlackTitle "CM"]
[WhiteElo "2043"]
[BlackElo "2236"]
[WhiteFideId "2106698"]
[BlackFideId "24257893"]
[EventDate "2025.07.01"]

1. d4 Nf6 2. Nc3 d5 3. Bf4 a6 4. e3 e6 5. g4 c5 6. g5 Nfd7 7. a3 Nc6 8. dxc5
Nxc5 9. Nf3 Bd6 10. b4 Bxf4 11. exf4 Nd7 12. Bd3 Qc7 13. Ne2 b5 14. Qd2 g6 15.
h4 Nb6 16. Qe3 Bb7 17. h5 O-O-O 18. Nfd4 Ne7 19. Qe5 Nc4 20. Qf6 e5 21. fxe5
Qxe5 22. Qxe5 Nxe5 23. f4 Nc4 24. Kf2 Rde8 25. a4 bxa4 26. Rxa4 Kc7 27. f5 Kb6
28. hxg6 hxg6 29. Raa1 Ne5 30. f6 N7c6 31. b5 Nxd4 32. Nxd4 axb5 33. Bxb5 Rxh1
34. Rxh1 Rc8 35. Rb1 Kc5 36. Ne2 Rc7 37. Bd3 d4 38. Ra1 Kd6 39. Nxd4 Nxd3+ 40.
cxd3 Rc5 41. Nf3 Rf5 42. Rb1 Bxf3 43. Ke3 Bd5 44. Rb6+ Kc7 45. Ra6 Bb7 46. Ra4
Rxg5 47. Kf4 Rf5+ 48. Ke3 Rxf6 49. d4 Re6+ 50. Kd3 Ra6 51. Rc4+ Rc6 52. Kc3
Rxc4+ 53. Kxc4 Kd6 54. d5 Bxd5+ 55. Kd4 f5 0-1

[Event "Titled Tue 1st Jul Early"]
[Site "chess.com INT"]
[Date "2025.07.01"]
[Round "1"]
[White "Javakhadze, Zurab"]
[Black "Sreyas, Payyappat"]
[Result "1-0"]
[WhiteTitle "IM"]
[BlackTitle "FM"]
[WhiteElo "2418"]
[BlackElo "2107"]
[WhiteFideId "13603647"]
[BlackFideId "46674969"]
[EventDate "2025.07.01"]

1. d4 d5 2. c4 Nf6 3. cxd5 Nxd5 4. e4 Nb6 5. Be3 g6 6. Nc3 Bg7 7. Nf3 O-O 8. Be2
Bg4 9. O-O e6 10. Qd3 Nc6 11. Rfd1 Qe7 12. Nd2 Nb4 13. Qb1 Bxe2 14. Nxe2 Rad8
15. Nf3 Nc4 16. Bg5 f6 17. Bh4 g5 18. Bg3 f5 19. exf5 exf5 20. Be5 g4 21. Qc1
gxf3 22. Qxc4+ Nd5 23. Nf4 c6 24. Re1 Qf7 25. Ne6 Qxe6 26. Bg3 Qf7 27. gxf3 f4
28. Bh4 Rd6 29. Kh1 Bf6 30. Rg1+ Kh8 31. Bxf6+ Rxf6 32. Rg4 Rg6 33. Rag1 Rxg4
34. Rxg4 Qe6 35. Qd3 Rg8 36. h3 Rxg4 37. hxg4 Qe1+ 38. Kg2 Ne3+ 39. fxe3 fxe3
40. Qf5 Qb4 41. Qe5+ Kg8 42. Qxe3 Qxb2+ 43. Kg3 Qxa2 44. Qe8+ Kg7 45. Qe5+ Kg8
46. Qb8+ Kg7 47. Qxb7+ Qf7 48. Qxc6 a5 49. d5 a4 50. d6 a3 51. d7 a2 52. d8=Q
a1=Q 53. Qg5+ Kf8 54. Qc8+ Qe8 55. Qh6+ Kf7 56. Qh5+ 1-0

[Event "Titled Tue 1st Jul Early"]
[Site "chess.com INT"]
[Date "2025.07.01"]
[Round "1"]
[White "Bok, Benjamin"]
[Black "Tikhonov, Viacheslav"]
[Result "1-0"]
[WhiteTitle "GM"]
[BlackTitle "CM"]
[WhiteElo "2593"]
[BlackElo "2183"]
[WhiteFideId "1017063"]
[BlackFideId "44196407"]
[EventDate "2025.07.01"]

1. d4 Nf6 2. c4 g6 3. g3 Bg7 4. Bg2 c5 5. dxc5 Na6 6. Nc3 Nxc5 7. Nf3 O-O 8. O-O
d6 9. Nd4 a6 10. b3 Ne6 11. Nc2 Rb8 12. Bb2 Nd7 13. Qd2 Qa5 14. Rfd1 Qh5 15. Ne3
Nf6 16. h4 Bh6 17. Ncd5 Nxd5 18. Nxd5 Re8 19. Qd3 Bg7 20. Bxg7 Nxg7 21. Qe3 Be6
22. Nf4 Qc5 23. Qxc5 dxc5 24. Nxe6 Nxe6 25. Rd7 b5 26. e3 bxc4 27. bxc4 Rb6 28.
Ra7 Kf8 29. a4 Reb8 30. a5 Rd6 31. Bd5 Nd8 32. Kg2 e6 33. Bf3 Ke8 34. Rd1 Rxd1
35. Bxd1 Rb4 36. Be2 Nc6 37. Rxa6 Ne5 38. Ra8+ Ke7 39. Ra7+ Kf6 40. a6 Ra4 41.
e4 Nc6 42. Ra8 e5 43. Bg4 Rxc4 44. Bd7 Ne7 45. a7 Rd4 46. Rb8 Rxd7 47. a8=Q Rd6
48. Qa7 Re6 49. Rb6 h5 50. Rxe6+ Kxe6 51. Qxc5 Kf6 52. Qd6+ Kg7 53. Qxe7 Kh6 54.
Qxe5 f5 55. Qh8# 1-0

[Event "Titled Tue 1st Jul Early"]
[Site "chess.com INT"]
[Date "2025.07.01"]
[Round "1"]
[White "Yonal, Timur"]
[Black "Volovich, Vasily"]
[Result "0-1"]
[WhiteTitle "FM"]
[BlackTitle "FM"]
[WhiteElo "2090"]
[BlackElo "2177"]
[WhiteFideId "44115725"]
[BlackFideId "34169676"]
[EventDate "2025.07.01"]

1. Nf3 Nf6 2. c4 e6 3. e3 d5 4. b3 c5 5. Bb2 Nc6 6. Be2 Be7 7. cxd5 exd5 8. d4
O-O 9. O-O Bf5 10. Nc3 Rc8 11. Rc1 b6 12. dxc5 bxc5 13. Na4 Ne4 14. h3 Qd7 15.
Bd3 Rfd8 16. Qe2 Nb4 17. Bb1 Bd6 18. Rfd1 Bxh3 19. gxh3 Qxh3 20. a3 Qg4+ 21. Kf1
Qh3+ 22. Ke1 Qh1+ 23. Qf1 Qxf3 24. axb4 cxb4 25. Rxc8 Rxc8 26. Bxe4 Qxe4 27. Qd3
Qh1+ 28. Kd2 Qf3 29. Rf1 Bf8 30. Bd4 h5 31. Nb2 h4 32. e4 Qf4+ 33. Qe3 Qxe4 34.
Qxe4 dxe4 35. Nc4 f5 36. Ke3 g6 37. Rh1 Bh6+ 38. Ke2 g5 39. Bf6 Rc6 40. Bd4 Ra6
41. f3 Ra2+ 42. Nb2 exf3+ 43. Kxf3 g4+ 44. Kf2 h3 45. Rb1 Bg7 46. Bxg7 Kxg7 47.
Kg3 Kf6 48. Nc4 Rc2 49. Rd1 Rc3+ 50. Kh4 h2 51. Rd5 Rh3# 0-1

[Event "Titled Tue 1st Jul Early"]
[Site "chess.com INT"]
[Date "2025.07.01"]
[Round "1"]
[White "Jake Shanty"]
[Black "Alikulov, Elbek"]
[Result "1-0"]
[WhiteTitle "FM"]
[BlackTitle "IM"]
[WhiteElo "2252"]
[BlackElo "2305"]
[WhiteFideId "33478066"]
[BlackFideId "14203308"]
[EventDate "2025.07.01"]

1. Nf3 Nf6 2. b3 g6 3. Bb2 Bg7 4. c4 O-O 5. g3 d6 6. Bg2 c6 7. O-O e5 8. d3 Nbd7
9. Nbd2 Re8 10. Qc2 d5 11. cxd5 Nxd5 12. Nc4 N5b6 13. Nd6 Re6 14. Nxc8 Rxc8 15.
Rac1 Nd5 16. Rfd1 Re8 17. Nd2 N7f6 18. Nc4 Qc7 19. a3 Nb6 20. b4 Nxc4 21. Qxc4
Qb6 22. e3 Rcd8 23. d4 e4 24. a4 a6 25. Ba3 Nd5 26. Rb1 Bf8 27. Rdc1 Qa7 28. Rb3
Ra8 29. Rcb1 Nb6 30. Qc2 Nxa4 31. Bxe4 Nb6 32. Bg2 Rad8 33. Bc1 Nd5 34. Bd2 Qb6
35. h3 Qc7 36. e4 Nb6 37. Be3 Bg7 38. d5 Na8 39. Rc1 Rc8 40. dxc6 Qxc6 41. Qxc6
Rxc6 42. Rxc6 bxc6 43. Ra3 Nc7 44. Bb6 Rc8 45. Bf1 Nb5 46. Rxa6 Bf8 47. Bc5 Bxc5
48. bxc5 Nc3 49. f3 Kf8 50. Kf2 Ke7 51. Ra7+ Ke6 52. Bc4+ Ke5 53. Rd7 Rf8 54.
f4+ Kxe4 55. Bd3# 1-0

[Event "Titled Tue 1st Jul Early"]
[Site "chess.com INT"]
[Date "2025.07.01"]
[Round "1"]
[White "Guliev, Gasan"]
[Black "Rosen, Eric"]
[Result "0-1"]
[WhiteTitle "CM"]
[BlackTitle "IM"]
[WhiteElo "2123"]
[BlackElo "2377"]
[WhiteFideId "34165638"]
[BlackFideId "2032562"]
[EventDate "2025.07.01"]

1. d4 e6 2. Nf3 f5 3. h3 Nf6 4. c4 b6 5. Nc3 Bb4 6. Bf4 Bxc3+ 7. bxc3 Bb7 8. e3
d6 9. Rb1 Nbd7 10. Be2 Ne4 11. Qc1 O-O 12. Rg1 Qe7 13. Nd2 e5 14. Bh2 f4 15. Nf3
Rae8 16. Rb2 Nxf2 17. Kxf2 fxe3+ 18. Qxe3 e4 19. Bg3 Nf6 20. Bd1 exf3 21. Qxe7
Rxe7 22. gxf3 Ne4+ 23. Kg2 Nxc3 24. Rf2 Re3 25. d5 b5 26. Bb3 bxc4 27. Bxc4 Bxd5
28. Bxd5+ Nxd5 29. Rd1 Rf5 30. Rb1 Ra3 31. Kh2 Kf7 32. Rb7 g5 33. Kg2 h5 34. h4
Ne3+ 35. Kh3 g4+ 36. fxg4 hxg4+ 37. Kh2 Rxf2+ 38. Bxf2 Rxa2 39. Kg3 Nf1+ 40. Kg2
g3 41. Kxf1 Rxf2+ 42. Kg1 Rc2 43. Rxa7 Kg6 44. Ra8 Kh5 45. Rg8 Kxh4 46. Rh8+ Kg4
47. Rg8+ Kf3 48. Rf8+ Ke3 49. Rg8 g2 50. Rg7 d5 51. Rg5 d4 52. Rg4 d3 53. Rg3+
Kd4 54. Rg4+ Kc3 55. Rg3 c5 56. Rf3 c4 57. Rh3 Kb2 58. Rh8 d2 59. Rb8+ Kc1 60.
Kh2 d1=Q 61. Rb1+ Kxb1 0-1

[Event "Titled Tue 1st Jul Early"]
[Site "chess.com INT"]
[Date "2025.07.01"]
[Round "1"]
[White "Borgaonkar, Akshay"]
[Black "Jaiswal, Rupesh"]
[Result "1-0"]
[WhiteTitle "FM"]
[BlackTitle "FM"]
[WhiteElo "2452"]
[BlackElo "2064"]
[WhiteFideId "25639110"]
[BlackFideId "12300870"]
[EventDate "2025.07.01"]

1. c4 Nf6 2. Nc3 g6 3. e4 d6 4. d4 Bg7 5. Be2 O-O 6. Nf3 e5 7. d5 a5 8. Be3 Na6
9. Nd2 Ne8 10. f3 f5 11. a3 fxe4 12. Ndxe4 Nf6 13. b4 Nxe4 14. Nxe4 Bf5 15. O-O
b6 16. c5 axb4 17. axb4 Nxb4 18. Rxa8 Qxa8 19. cxd6 cxd6 20. Nxd6 Rd8 21. Nxf5
gxf5 22. Bxb6 Rd7 23. Qb1 Nxd5 24. Qxf5 Nxb6 25. Qe6+ Rf7 26. Qxb6 Qa7 27. Rb1
Qxb6+ 28. Rxb6 Rc7 29. Bd3 Bf8 30. Rb5 Bc5+ 31. Kf1 Kg7 32. Be4 Be3 33. Rxe5 Bf4
34. Rh5 Rc1+ 35. Ke2 Rh1 36. Rxh7+ Kf6 37. g3 Bd6 38. Rh6+ Ke5 39. Rh5+ Kf6 40.
Kf2 Bc5+ 41. Kg2 Rg1+ 42. Kh3 Bf8 43. Kg4 Ra1 44. Rf5+ Kg7 45. h4 Bd6 46. Rd5
Bb8 47. Rd7+ Kf6 48. Rb7 Be5 49. Rb6+ Ke7 50. f4 Bc7 51. Rb7 Kd6 52. h5 Ra8 53.
h6 Rg8+ 54. Kf3 Bd8 55. g4 Rh8 56. g5 Ke6 57. Kg4 Be7 58. Bf5+ Kf7 59. g6+ Kf6
60. Rb6+ Bd6 61. Rxd6+ Ke7 62. Rd7+ Kf8 63. g7+ Kg8 1-0

[Event "Titled Tue 1st Jul Early"]
[Site "chess.com INT"]
[Date "2025.07.01"]
[Round "1"]
[White "Vihaan Karthikeya N"]
[Black "Petersen, Marcel"]
[Result "0-1"]
[WhiteTitle "CM"]
[BlackTitle "CM"]
[WhiteElo "2179"]
[BlackElo "2236"]
[WhiteFideId "25950673"]
[BlackFideId "12935670"]
[EventDate "2025.07.01"]

1. d4 g6 2. c4 Bg7 3. Nc3 c6 4. e4 d6 5. Nf3 Nd7 6. Be2 Ngf6 7. O-O O-O 8. Bg5
h6 9. Bh4 e5 10. dxe5 dxe5 11. Qc2 Qc7 12. Rad1 Nc5 13. Bg3 Nh5 14. Nd2 Nxg3 15.
hxg3 a5 16. Nb3 Ne6 17. Na4 Nd4 18. Nxd4 exd4 19. Nc5 b6 20. Nd3 c5 21. Bf3 Bb7
22. Rfe1 Rfe8 23. Nf4 Rad8 24. Nd5 Bxd5 25. exd5 Kf8 26. Qa4 Qd7 27. Rxe8+ Kxe8
28. Re1+ Kf8 29. Qc2 Re8 30. Qd1 Rxe1+ 31. Qxe1 Qf5 32. Qd2 Qe5 33. Kh2 h5 34.
Qe2 Qd6 35. Qe4 Bf6 36. Qf4 Be5 37. Qe4 Qf6 38. b3 h4 39. Qg4 hxg3+ 40. fxg3 d3
41. Qc8+ Kg7 42. Qg4 d2 43. Be2 Qf2 44. Qf3 Qe1 45. Qd3 Bd4 46. Bf3 Qg1+ 47. Kh3
Qh1+ 48. Kg4 Qh5+ 49. Kf4 Qe5+ 50. Kg4 Qh5+ 51. Kf4 Qh6+ 52. Kg4 f5+ 0-1

[Event "Titled Tue 1st Jul Early"]
[Site "chess.com INT"]
[Date "2025.07.01"]
[Round "1"]
[White "Christiansen, Johan-Sebastian"]
[Black "Zakin, Ilay"]
[Result "1-0"]
[WhiteTitle "GM"]
[BlackTitle "FM"]
[WhiteElo "2642"]
[BlackElo "2300"]
[WhiteFideId "1512668"]
[BlackFideId "2848279"]
[EventDate "2025.07.01"]

1. e4 c5 2. Nf3 g6 3. c3 Bg7 4. d4 d5 5. exd5 Qxd5 6. Nbd2 Nc6 7. Bc4 Qd8 8.
dxc5 Nf6 9. O-O O-O 10. Re1 Bf5 11. Nb3 Qc7 12. Qe2 Rfe8 13. h3 Rad8 14. Be3 Nd5
15. Rad1 Nf4 16. Bxf7+ Kxf7 17. Qc4+ Ne6 18. Ng5+ Kf6 19. Nxh7+ Kf7 20. Ng5+ Kf6
21. Nd2 Nxg5 22. Bxg5+ Kxg5 23. Nf3+ Kf6 24. g4 e6 25. gxf5 gxf5 26. Qh4+ Kg6
27. Kh1 Rxd1 28. Rxd1 Qe7 29. Rg1+ Kf7 30. Qh7 Qf6 31. Ng5+ Ke7 32. Qh5 Rf8 33.
Nh7 Qh6 34. Qxh6 Bxh6 35. Nxf8 Kxf8 36. Rd1 Ke7 37. Kg2 e5 38. Rd6 Bf4 39. h4 e4
40. Rg6 Ne5 41. Rg7+ Kf6 42. Rxb7 Ng6 43. Rxa7 Nxh4+ 44. Kf1 Nf3 45. a4 Nd2+ 46.
Ke2 Nc4 47. b3 Nb2 48. c6 Ke6 49. a5 Kd6 50. c7 Kd7 51. a6 Bxc7 52. Rb7 Kc6 53.
Rb4 Nd3 54. a7 Nxb4 55. a8=Q+ Kb5 56. cxb4 Kxb4 57. Qb7+ Kc3 58. Qxc7+ Kb2 59.
Qe5+ Kxb3 60. Qxf5 Kb4 61. Qxe4+ Kb5 62. Qd5+ Kb6 63. Qc4 1-0

[Event "Titled Tue 1st Jul Early"]
[Site "chess.com INT"]
[Date "2025.07.01"]
[Round "1"]
[White "Arslanov, Shamil"]
[Black "Nikulina, Alena"]
[Result "1-0"]
[WhiteTitle "IM"]
[BlackTitle "WFM"]
[WhiteElo "2410"]
[BlackElo "1875"]
[WhiteFideId "4192826"]
[BlackFideId "4172051"]
[EventDate "2025.07.01"]

1. d4 d5 2. e4 dxe4 3. Nc3 Nf6 4. f3 e3 5. Bxe3 e6 6. Bd3 b6 7. f4 Bb7 8. Nf3
Nbd7 9. O-O c5 10. Qe1 cxd4 11. Nxd4 Bc5 12. Kh1 Nd5 13. Nxd5 Bxd5 14. Qg3 Nf6
15. Rae1 Bxd4 16. Bxd4 Bxa2 17. Qxg7 Rg8 18. Qxf6 Bd5 19. Qxd8+ Rxd8 20. Be4 Bc4
21. Bc6+ Kf8 22. c3 Bxf1 23. Rxf1 a5 24. Bf3 b5 25. Ra1 a4 26. Kg1 Ke7 27. Kf2
Rb8 28. g4 Rgd8 29. Ke3 f6 30. h4 Kf7 31. g5 fxg5 32. hxg5 Rbc8 33. Rh1 Kg8 34.
Be4 Rd7 35. g6 hxg6 36. Rh8+ Kf7 37. Rxc8 b4 38. cxb4 e5 39. Bxe5 a3 40. bxa3 g5
41. fxg5 Ke6 42. Rc5 Kf7 43. Bd4 Ra7 44. g6+ Ke8 45. Rc8+ Kd7 46. Bf5+ Ke7 47.
Bxa7 Kf6 48. Bd4+ Kg5 49. g7 Kxf5 50. Rf8+ Ke6 51. g8=Q+ Kd6 52. Rd8+ Kc7 53.
Rd5 Kb7 54. Qe6 Ka8 55. Rd8+ Kb7 56. Rd7+ Kc8 57. Qe8# 1-0

[Event "Titled Tue 1st Jul Early"]
[Site "chess.com INT"]
[Date "2025.07.01"]
[Round "1"]
[White "Chigaev, Maksim"]
[Black "Vijayakumar, Rishi"]
[Result "1-0"]
[WhiteTitle "GM"]
[BlackTitle "FM"]
[WhiteElo "2628"]
[BlackElo "2333"]
[WhiteFideId "4108116"]
[BlackFideId "2408953"]
[EventDate "2025.07.01"]

1. e4 e5 2. Nf3 Nc6 3. Nc3 Nf6 4. g3 g6 5. Bg2 Bg7 6. O-O O-O 7. d3 d6 8. h3 h6
9. Be3 Be6 10. d4 d5 11. exd5 Nxd5 12. Nxd5 Bxd5 13. dxe5 Nxe5 14. Nxe5 Bxg2 15.
Kxg2 Bxe5 16. Bxh6 Re8 17. Qxd8 Raxd8 18. c3 f6 19. Be3 b6 20. Rad1 Bd6 21. Kf3
Kf7 22. Rd3 g5 23. Rfd1 Rh8 24. Kg2 Rde8 25. a4 a5 26. Bxb6 Rb8 27. Bxc7 Bxc7
28. Rd7+ Kg6 29. Rxc7 Rxb2 30. g4 Rh7 31. Rxh7 Kxh7 32. Rd5 Rb3 33. Rxa5 Rxc3
34. Ra8 Kg6 35. a5 Ra3 36. a6 Kg7 37. f3 Ra2+ 38. Kg3 Kh7 39. h4 gxh4+ 40. Kxh4
Kg7 41. Kg3 Kh7 42. Kf4 Ra5 43. Ke4 Kg7 44. Kd4 Ra1 45. Kc5 Ra3 46. Kb4 Ra1 47.
Kb5 Kh6 48. Rc8 Kg5 49. Rc4 f5 50. gxf5 Kxf5 51. Ra4 Rb1+ 52. Ka5 Rb8 53. a7 Rh8
54. Rb4 Ke6 55. Rb8 Rh5+ 56. Kb4 Rh4+ 57. Kc3 Rh8 58. Rxh8 1-0

[Event "Titled Tue 1st Jul Early"]
[Site "chess.com INT"]
[Date "2025.07.01"]
[Round "1"]
[White "Oviedo Acosta, Paula"]
[Black "Fedotov, Nikita2"]
[Result "0-1"]
[WhiteTitle "WFM"]
[BlackTitle "FM"]
[WhiteElo "1928"]
[BlackElo "2278"]
[WhiteFideId "3704394"]
[BlackFideId "24161446"]
[EventDate "2025.07.01"]

1. e4 e5 2. Nf3 Nc6 3. Bc4 Bc5 4. c3 Nf6 5. d3 d6 6. Bb3 O-O 7. h3 a5 8. a4 Be6
9. Nbd2 Re8 10. O-O h6 11. Re1 Qb8 12. Nf1 Qa7 13. Be3 Rad8 14. Ng3 d5 15. exd5
Bxd5 16. Bxd5 Rxd5 17. Qb3 Rxd3 18. Bxc5 Qxc5 19. Qxb7 e4 20. Nd4 Nxd4 21. cxd4
Qxd4 22. Qxc7 Rd2 23. Rf1 Rxb2 24. Qxa5 Rxf2 25. Kh2 Rd2 26. Qb5 Re6 27. Nf5
Qe5+ 28. Qxe5 Rxe5 29. Nxh6+ Kf8 30. Rxf6 gxf6 31. Ng4 Ra5 32. Nxf6 e3 33. Ne4
Rd4 34. Nc3 Rc4 35. Nd1 Raxa4 36. Rxa4 Rxa4 37. Nxe3 Kg7 38. Ng4 Ra3 39. h4 f5
40. Nf2 Kg6 41. g3 Kf6 42. Kg2 Ke5 43. Nh3 Kd4 44. Nf4 Ke3 45. h5 Ra2+ 46. Kh3
Kf3 47. Ne6 Ra1 48. Ng5+ Ke3 49. Kh4 Rh1+ 50. Nh3 Kf3 51. h6 Kg2 52. Kg5 Rxh3
53. Kg6 Kxg3 54. h7 Rxh7 55. Kxh7 f4 0-1